La grande pyramide, pharaonique de nom, humanitaire de fait : ses merveilles, ses mystères et ses enseignements / (Record no. 37477)

MARC details
000 -LEADER
campo de control de longitud fija 00770nam a2200193 i 4500
001 - NÚMERO DE CONTROL
campo de control 37477
003 - IDENTIFICADOR DE NÚMERO DE CONTROL
campo de control ES-MaACL
005 - FECHA Y HORA DE LA ÚLTIMA TRANSACCIÓN
campo de control 20251005063036.0
007 - CAMPO FIJO DE DESCRIPCIÓN FÍSICA--INFORMACIÓN GENERAL
campo de control de longitud fija t|
008 - DATOS DE LONGITUD FIJA--INFORMACIÓN GENERAL
campo de control de longitud fija 200728s1875 fr ||||1| fre d
100 1# - ENTRADA PRINCIPAL--NOMBRE DE PERSONA
Nombre de persona Smyth, Charles Piazzi,
Fechas asociadas al nombre 1819-1900
9 (RLIN) 170207
245 13 - MENCIÓN DEL TÍTULO
Título La grande pyramide, pharaonique de nom, humanitaire de fait : ses merveilles, ses mystères et ses enseignements /
Mención de responsabilidad, etc. par M. Piazzi Smyth ; trad. de l'Anglais par M.l'abbé Moigno.
260 ## - PUBLICACIÓN, DISTRIBUCIÓN, ETC.
Lugar de publicación, distribución, etc. Paris :
Nombre del editor, distribuidor, etc. Au Bureau du Journal Les Mondes :
-- et chez Gauthier-Villars, imprimeur-éditeur,
Fecha de publicación, distribución, etc. 1875.
300 ## - DESCRIPCIÓN FÍSICA
Extensión 243 p. ;
Dimensiones 18 cm.
650 04 - PUNTO DE ACCESO ADICIONAL DE MATERIA--TÉRMINO DE MATERIA
Término de materia o nombre geográfico como elemento de entrada Pirámides-
Subdivisión geográfica Egipto.
9 (RLIN) 16097
700 1# - ENTRADA AGREGADA--NOMBRE PERSONAL
Nombre de persona Moigno, François,
Fechas asociadas al nombre 1804-1884
9 (RLIN) 130010
852 ## - LOCALIZACIÓN
Ubicación ES-MaACL
Número de control de estantería T-632-F-3
Holdings
Estatus retirado Estado de pérdida Estado de daño No para préstamo Colección Biblioteca de origen Biblioteca actual Ubicación en estantería Fecha de adquisición Fuente de adquisición Total de préstamos Signatura topográfica completa Código de barras Visto por última vez Precio de reemplazo Tipo de ítem Koha
        Colección de folletos Biblioteca del Ateneo de Madrid Biblioteca del Ateneo de Madrid Depósito folletos 01/04/2005     T-632-F-3 1201785 23/02/2023 23/02/2023 Folleto